| 000 | 00527nam a2200205Ii 4500 | ||
|---|---|---|---|
| 999 |
_c1407 _d1407 |
||
| 001 | 4596943 | ||
| 003 | OSt | ||
| 005 | 20180912133728.0 | ||
| 008 | 790129s1978 enk 00010 eng d | ||
| 020 | _a0340518235 | ||
| 040 |
_aVUT _cVUT _dMIA |
||
| 082 |
_a262 _bW337I |
||
| 090 |
_aBV600.2 _b.W36 1979 |
||
| 100 | 1 | 0 |
_aWatson, David C. K., _d1933- |
| 245 | 1 | 0 |
_aI believe in the church / _cby David Watson |
| 260 |
_aLondon : _bHodder and Stoughton, _cc1978 |
||
| 300 |
_a368 p. ; _c22 cm |
||
| 650 | 0 | _aChurch | |
| 942 |
_2ddc _cBK |
||